[Event "Forcing Moves Spring-1 U1600"]
[Site "Mississauga CAN"]
[Date "2023.04.30"]
[Round "4.11"]
[White "Shah, Mustafa"]
[Black "Shah, Pratham"]
[Result "1-0"]
[WhiteElo "1451"]
[BlackElo "654"]
[PlyCount "59"]
[EventDate "2023.04.29"]
[EventType "swiss"]
[EventRounds "5"]
[EventCountry "CAN"]

1. c4 e5 2. Nc3 Nf6 3. g3 c6 4. e4 d5 5. cxd5 cxd5 6. exd5 Nxd5 7. a3 Bc5 8.
Bg2 Nxc3 9. bxc3 Nc6 10. Ne2 O-O 11. O-O Bg4 12. h3 Bh5 13. g4 Bg6 14. Bb2 f5
15. d4 exd4 16. cxd4 Bb6 17. d5 Ne5 18. Bxe5 fxg4 19. hxg4 Qh4 20. Ng3 Rae8 21.
Bd4 Bc7 22. Qb3 Qxg4 23. Bc5 Rf7 24. d6 Bb6 25. Bxb6 axb6 26. Bd5 Kh8 27. Bxf7
Re3 28. d7 Rxg3+ 29. Qxg3 Qxd7 30. Qb8+ 1-0

[Event "Forcing Moves Spring-1 U1600"]
[Site "Mississauga CAN"]
[Date "2023.04.30"]
[Round "4.12"]
[White "Natarajan, Bhargav"]
[Black "Syed, Farhaan"]
[Result "1-0"]
[WhiteElo "553"]
[BlackElo "512"]
[PlyCount "105"]
[EventDate "2023.04.29"]
[EventType "swiss"]
[EventRounds "5"]
[EventCountry "CAN"]

1. d4 d5 2. c4 c6 3. Nc3 Nf6 4. Nf3 Bf5 5. Bf4 dxc4 6. e3 Nbd7 7. Bxc4 e6 8.
O-O Nb6 9. Qe2 Bd6 10. Bxd6 Qxd6 11. e4 Nxe4 12. Nxe4 Bxe4 13. b3 Nxc4 14. bxc4
Bxf3 15. Qxf3 Qxd4 16. Qe2 O-O 17. Rfd1 Qf6 18. Rab1 Rad8 19. Rxb7 Rxd1+ 20.
Qxd1 Rd8 21. Qe1 Rd2 22. Rb8+ Rd8 23. Rxd8+ Qxd8 24. h3 f5 25. Qxe6+ Kf8 26.
Qxf5+ Qf6 27. Qxf6+ gxf6 28. g4 Kf7 29. h4 Ke6 30. f4 f5 31. g5 Kf7 32. h5 Kg7
33. h6+ Kg6 34. Kf2 Kh5 35. Ke3 Kh4 36. Kd4 Kg4 37. Kc5 Kxf4 38. g6 Ke3 39.
gxh7 f4 40. h8=Q f3 41. Qf8 Ke4 42. Qxf3+ Kxf3 43. h7 a5 44. h8=Q a4 45. Kxc6
a3 46. Kb6 Ke4 47. c5 Kf5 48. c6 Kg5 49. c7 Kg6 50. c8=Q Kf7 51. Qh6 Ke7 52.
Qc7+ Ke8 53. Qh8# 1-0

[Event "Forcing Moves Spring-1 U1600"]
[Site "Mississauga CAN"]
[Date "2023.04.30"]
[Round "4.14"]
[White "Arnold, Devin"]
[Black "Ejercito, Cristian"]
[Result "1-0"]
[WhiteElo "1109"]
[BlackElo "988"]
[PlyCount "105"]
[EventDate "2023.04.29"]
[EventType "swiss"]
[EventRounds "5"]
[EventCountry "CAN"]

1. Nf3 c5 2. e4 Nc6 3. d4 cxd4 4. Nxd4 Nf6 5. f3 e5 6. Nxc6 bxc6 7. Bg5 h6 8.
Bxf6 Qxf6 9. Bc4 Bc5 10. Nc3 O-O 11. Qd3 Qg5 12. Qd2 Qe3+ 13. Qxe3 Bxe3 14. Ke2
Bd4 15. Kd3 a5 16. a4 Ba6 17. Bxa6 Rxa6 18. b3 d5 19. Rad1 Rd8 20. exd5 Bxc3
21. Kxc3 cxd5 22. Rd2 d4+ 23. Kb2 Rad6 24. Rhd1 f5 25. c3 dxc3+ 26. Kxc3 Rxd2
27. Rxd2 Rc8+ 28. Kb2 Kf7 29. Rd5 e4 30. Rxf5+ Ke6 31. fxe4 Rd8 32. Rd5 Ra8 33.
Rb5 g5 34. Rb6+ Ke5 35. Rxh6 Kxe4 36. Rh3 Rc8 37. Rg3 Rc5 38. Rc3 Rf5 39. Rf3
Rc5 40. Rg3 Kf4 41. Ka3 g4 42. Rd3 Rg5 43. b4 axb4+ 44. Kxb4 Ke4 45. Rg3 Kf4
46. Ra3 Re5 47. a5 Re4+ 48. Kc5 Re5+ 49. Kd6 Re2 50. a6 Rxg2 51. a7 Rxh2 52.
a8=Q g3 53. Qf8+ 1-0

[Event "Forcing Moves Spring-1 U1600"]
[Site "Mississauga CAN"]
[Date "2023.04.30"]
[Round "5.5"]
[White "Suresh, Pavan"]
[Black "Harihara, Vikrant"]
[Result "1/2-1/2"]
[WhiteElo "1484"]
[BlackElo "1161"]
[PlyCount "80"]
[EventDate "2023.04.29"]
[EventType "swiss"]
[EventRounds "5"]
[EventCountry "CAN"]

1. d4 Nf6 2. Nf3 d5 3. Bf4 Bg4 4. e3 e6 5. Nbd2 c5 6. c3 Nc6 7. Qa4 a6 8. Ne5
Qc8 9. Nxc6 Qxc6 10. Qxc6+ bxc6 11. Rc1 Nh5 12. Bc7 Bf5 13. Be2 Nf6 14. Nf3 Bg4
15. Ne5 Bxe2 16. Kxe2 Rc8 17. Bb6 c4 18. Rc2 Nd7 19. Nxd7 Kxd7 20. Rb1 Rb8 21.
Bc5 Bxc5 22. dxc5 Rb5 23. b4 Rhb8 24. Rcb2 a5 25. a4 R5b7 26. b5 f5 27. f4 h5
28. h4 Kc7 29. b6+ Kd7 30. Rf1 Ke7 31. Rf3 Kf6 32. Rg3 Rh8 33. Kf3 g6 34. Rg5
Rhh7 35. Rd2 Rhd7 36. Rd4 Kf7 37. Rd1 Rd8 38. Ra1 Ra8 39. Rg3 Kf6 40. Ra2 Re7
1/2-1/2

[Event "Forcing Moves Spring-1 U1600"]
[Site "Mississauga CAN"]
[Date "2023.04.30"]
[Round "5.6"]
[White "Dembla, Shabd"]
[Black "Barbisan, Owen"]
[Result "1-0"]
[WhiteElo "1205"]
[BlackElo "1126"]
[PlyCount "49"]
[EventDate "2023.04.29"]
[EventType "swiss"]
[EventRounds "5"]
[EventCountry "CAN"]

1. e4 c6 2. d4 d5 3. exd5 cxd5 4. Nf3 Nc6 5. Bd3 Bg4 6. c3 Nf6 7. O-O e6 8. Be2
Bd6 9. Bg5 h6 10. Bh4 g5 11. Bg3 Rc8 12. Nbd2 Bxg3 13. hxg3 Bf5 14. Bb5 Qb6 15.
Qe2 a6 16. Bxc6+ Rxc6 17. Nb3 Ne4 18. Ne5 Rc8 19. Qh5 Nd6 20. g4 Bg6 21. Nxg6
fxg6 22. Qxg6+ Kd7 23. Nc5+ Kc6 24. Qxe6 Rce8 25. Qd7# 1-0

[Event "Forcing Moves Spring-1 U1600"]
[Site "Mississauga CAN"]
[Date "2023.04.30"]
[Round "5.7"]
[White "Pedersen, Noah"]
[Black "Dave, Jashank"]
[Result "0-1"]
[WhiteElo "1118"]
[BlackElo "1145"]
[PlyCount "91"]
[EventDate "2023.04.29"]
[EventType "swiss"]
[EventRounds "5"]
[EventCountry "CAN"]

1. e4 e5 2. Nf3 Nc6 3. c3 Nf6 4. d4 exd4 5. e5 Nd5 6. Qb3 Nce7 7. Bc4 c6 8. Bg5
g6 9. Bf6 Rg8 10. cxd4 Bg7 11. Nc3 d6 12. Bxd5 cxd5 13. Bxe7 Qxe7 14. Nxd5 Qd8
15. exd6 Qxd6 16. O-O Be6 17. Qb5+ Kf8 18. Qb4 Qxb4 19. Nxb4 Rd8 20. Rad1 a5
21. d5 Bg4 22. Nc2 Bxb2 23. Rb1 Bc3 24. Rxb7 Bxf3 25. gxf3 Rxd5 26. Rc7 Be5 27.
Ne3 Rd2 28. Rc2 Rd3 29. Rc5 Bd4 30. Rxa5 Bxe3 31. Ra8+ Kg7 32. Rxg8+ Kxg8 33.
fxe3 Rxe3 34. Rf2 Ra3 35. Kg2 Kg7 36. Kg3 Kh6 37. h4 Ra4 38. f4 Ra3+ 39. Kg2 f5
40. Kg1 Kh5 41. Rh2 Kg4 42. Kf1 Kxf4 43. Rg2 Rh3 44. Kg1 Rxh4 45. Rh2 Rxh2 46.
Kxh2 0-1

[Event "Forcing Moves Spring-1 U1600"]
[Site "Mississauga CAN"]
[Date "2023.04.30"]
[Round "5.8"]
[White "Barnsdale, Nicholas"]
[Black "Gerard, Stephane"]
[Result "0-1"]
[WhiteElo "1015"]
[BlackElo "1340"]
[PlyCount "54"]
[EventDate "2023.04.29"]
[EventType "swiss"]
[EventRounds "5"]
[EventCountry "CAN"]

1. e4 e5 2. Nc3 d6 3. Bc4 Nf6 4. d3 Be7 5. f4 Bg4 6. Nf3 Nh5 7. f5 Nc6 8. O-O
Nd4 9. h3 Nxf3+ 10. Rxf3 Bxf3 11. Qxf3 Nf6 12. g4 h6 13. h4 Nh7 14. g5 hxg5 15.
Qh5 Kd7 16. Qxf7 c6 17. Bxg5 Nf6 18. Qxg7 Rh7 19. Qg6 Qh8 20. Bxf6 Bxf6 21.
Be6+ Ke7 22. Kf2 Rg7 23. h5 Rxg6 24. hxg6 Qh2+ 25. Kf3 Rh8 26. g7 Rh3+ 27. Kg4
Qg3# 0-1

[Event "Forcing Moves Spring-1 U1600"]
[Site "Mississauga CAN"]
[Date "2023.04.30"]
[Round "5.9"]
[White "Shah, Mustafa"]
[Black "Sreekumar Maliekal, Balakrishnan"]
[Result "0-1"]
[WhiteElo "1451"]
[BlackElo "1259"]
[PlyCount "102"]
[EventDate "2023.04.29"]
[EventType "swiss"]
[EventRounds "5"]
[EventCountry "CAN"]

1. d4 Nf6 2. Nf3 g6 3. Bf4 Bg7 4. e3 O-O 5. h3 d6 6. Be2 c5 7. c3 Nc6 8. O-O
Qb6 9. Qb3 Be6 10. Qxb6 axb6 11. a3 Na5 12. Nbd2 Nb3 13. Nxb3 Bxb3 14. Bd1 Bd5
15. Bc2 Rac8 16. dxc5 bxc5 17. Rad1 b5 18. Rd2 Bb7 19. Rfd1 Ne4 20. Bxe4 Bxe4
21. h4 Bxf3 22. gxf3 h6 23. Kf1 f5 24. Bg3 Rf6 25. Kg2 Rc6 26. f4 Kf7 27. f3 h5
28. e4 fxe4 29. fxe4 Bh6 30. e5 dxe5 31. fxe5 Bxd2 32. exf6 Bh6 33. fxe7 Kxe7
34. Re1+ Re6 35. Rxe6+ Kxe6 36. b3 Kd5 37. Be1 c4 38. bxc4+ Kxc4 39. Kf3 Bg7
40. Ke4 Bxc3 41. Bxc3 Kxc3 42. Kd5 Kb3 43. Kc5 Kxa3 44. Kxb5 Kb3 45. Kc5 Kc3
46. Kd5 Kd3 47. Ke5 Ke3 48. Kf6 Kf4 49. Kxg6 Kg4 50. Kf6 Kxh4 51. Kf5 Kg3 0-1

[Event "Forcing Moves Spring-1 U1600"]
[Site "Mississauga CAN"]
[Date "2023.04.30"]
[Round "5.10"]
[White "Uyanik, Mehmet"]
[Black "Natarajan, Bhargav"]
[Result "1-0"]
[WhiteElo "1380"]
[BlackElo "553"]
[PlyCount "41"]
[EventDate "2023.04.29"]
[EventType "swiss"]
[EventRounds "5"]
[EventCountry "CAN"]

1. e4 e5 2. Nf3 Nc6 3. Bb5 Nf6 4. d3 a6 5. Bxc6 dxc6 6. Nxe5 Bd6 7. Bf4 Qe7 8.
d4 Bb4+ 9. c3 Bd6 10. O-O Bxe5 11. Bxe5 Nxe4 12. Re1 Bf5 13. f3 Nf6 14. Bxf6
gxf6 15. Rxe7+ Kxe7 16. Qb3 Ke8 17. Nd2 Kf8 18. Qxb7 Rg8 19. Qxc6 Bh3 20. Qc5+
Ke8 21. g3 1-0

[Event "Forcing Moves Spring-1 U1600"]
[Site "Mississauga CAN"]
[Date "2023.04.30"]
[Round "5.11"]
[White "Tuladhar, Jude"]
[Black "Ou Yang, Jason"]
[Result "1-0"]
[WhiteElo "1232"]
[BlackElo "609"]
[PlyCount "66"]
[EventDate "2023.04.29"]
[EventType "swiss"]
[EventRounds "5"]
[EventCountry "CAN"]

1. Nf3 g6 2. g3 d5 3. Bg2 Bg7 4. O-O Nf6 5. d4 O-O 6. c4 Nc6 7. Nc3 dxc4 8. Bg5
h6 9. Be3 Bf5 10. Qd2 h5 11. Rfd1 e6 12. Bh6 Ne4 13. Nxe4 Bxe4 14. Bxg7 Kxg7
15. Qc3 Kh7 16. Qxc4 Qf6 17. Ng5+ Qxg5 18. Bxe4 Rfd8 19. Bxc6 bxc6 20. Qxc6
Rac8 21. Qb7 Rb8 22. Qxc7 Rxb2 23. Qxf7+ Kh6 24. Qxe6 h4 25. e3 Rf8 26. Rf1
hxg3 27. hxg3 Rbb8 28. Rab1 Rbe8 29. Qh3+ Kg7 30. Rb7+ Kf6 31. Rc1 Qd5 32. Qh4+
g5 33. Qh6+ Kf5 1-0

[Event "Forcing Moves Spring-1 U1600"]
[Site "Mississauga CAN"]
[Date "2023.04.30"]
[Round "5.12"]
[White "Baradi, Justin"]
[Black "Arnold, Devin"]
[Result "0-1"]
[WhiteElo "924"]
[BlackElo "1109"]
[PlyCount "42"]
[EventDate "2023.04.29"]
[EventType "swiss"]
[EventRounds "5"]
[EventCountry "CAN"]

1. e4 e6 2. d4 c5 3. c3 Nc6 4. Nf3 cxd4 5. cxd4 Qb6 6. Nc3 Bb4 7. Be2 Nf6 8.
O-O O-O 9. Be3 Qa5 10. e5 Ne8 11. Qd3 Bxc3 12. bxc3 d6 13. Ng5 g6 14. h4 dxe5
15. h5 exd4 16. Bxd4 Qxg5 17. Be3 Qd5 18. Qc2 Ng7 19. h6 Nf5 20. Qb2 Nxe3 21.
c4 Qe5 0-1

[Event "Forcing Moves Spring-1 U1600"]
[Site "Mississauga CAN"]
[Date "2023.04.30"]
[Round "5.13"]
[White "Shah, Pratham"]
[Black "Sreekumar, Gayathri"]
[Result "1-0"]
[WhiteElo "654"]
[BlackElo "895"]
[PlyCount "122"]
[EventDate "2023.04.29"]
[EventType "swiss"]
[EventRounds "5"]
[EventCountry "CAN"]

1. d4 Nf6 2. Bf4 g6 3. Nf3 Bg7 4. e3 O-O 5. Nbd2 d6 6. Bd3 Nbd7 7. c3 Re8 8. h4
e5 9. dxe5 dxe5 10. Bg5 a6 11. Ne4 b5 12. h5 c5 13. g4 Qb6 14. Nxf6+ Nxf6 15.
Bxf6 Qxf6 16. Nd2 Bb7 17. Be4 Bxe4 18. Nxe4 Qc6 19. f3 Rad8 20. Qe2 f5 21. gxf5
gxf5 22. Nf2 f4 23. e4 c4 24. Rd1 Rxd1+ 25. Qxd1 Qc5 26. Qd7 Qe3+ 27. Kf1 Rf8
28. Rg1 Rf7 29. Qe6 Kf8 30. Qd6+ Ke8 31. h6 Bf8 32. Qxe5+ Re7 33. Qh5+ Rf7 34.
Nh3 Qc1+ 35. Kg2 Qxb2+ 36. Kh1 Qxc3 37. Ng5 Qf6 38. Nxf7 Qxf7 39. Qd5 Qxd5 40.
exd5 Kd7 41. Rg7+ Kd6 42. Rxh7 Bxh6 43. Rxh6+ Kxd5 44. Rxa6 c3 45. Ra8 Kd4 46.
Kg2 Kd3 47. Rd8+ Kc2 48. Kf2 Kc1 49. Ke2 Kb2 50. Rc8 c2 51. Kd2 Kxa2 52. Rxc2+
Ka1 53. Kc3 b4+ 54. Kb3 Kb1 55. Rh2 Kc1 56. Kxb4 Kd1 57. Kc4 Ke1 58. Kd4 Kf1
59. Ke4 Kg1 60. Ra2 Kf1 61. Kxf4 Ke1 1-0

[Event "Forcing Moves Spring-1 U2000"]
[Site "Mississauga CAN"]
[Date "2023.04.29"]
[Round "1.1"]
[White "Manga, Max"]
[Black "Zhang, Brian"]
[Result "1/2-1/2"]
[WhiteElo "1569"]
[BlackElo "1941"]
[PlyCount "78"]
[EventDate "2023.04.29"]
[EventType "swiss"]
[EventRounds "5"]
[EventCountry "CAN"]

1. d4 d5 2. Nf3 Nf6 3. Bf4 e6 4. e3 Bd6 5. Bxd6 Qxd6 6. c3 c5 7. Nbd2 Nc6 8.
Be2 O-O 9. O-O Rd8 10. Qc2 e5 11. dxe5 Nxe5 12. Nxe5 Qxe5 13. Nf3 Qc7 14. Rfd1
b6 15. Rac1 Bb7 16. a3 Rac8 17. Qa4 Re8 18. Qc2 Ne4 19. c4 dxc4 20. Bxc4 Nf6
21. Be2 Be4 22. Qc4 Ng4 23. h3 Nf6 24. Ne1 Qb7 25. Bf3 Rcd8 26. Bxe4 Nxe4 27.
Nf3 b5 28. Qc2 h6 29. Nd2 Nxd2 30. Rxd2 c4 31. Rcd1 Qe7 32. a4 a6 33. axb5 axb5
34. b3 Rxd2 35. Rxd2 Qb4 36. bxc4 bxc4 37. Qb2 Qa5 38. Qa2 Qb4 39. Qb2 Qa5
1/2-1/2

[Event "Forcing Moves Spring-1 U2000"]
[Site "Mississauga CAN"]
[Date "2023.04.29"]
[Round "1.2"]
[White "Lakhani, Riyaan"]
[Black "Sreekumar, Gauri"]
[Result "1-0"]
[WhiteElo "1886"]
[BlackElo "1554"]
[PlyCount "91"]
[EventDate "2023.04.29"]
[EventType "swiss"]
[EventRounds "5"]
[EventCountry "CAN"]

1. d4 Nf6 2. c4 g6 3. f3 Bg7 4. e4 d6 5. Ne2 O-O 6. Nbc3 c5 7. Be3 cxd4 8. Nxd4
Nc6 9. Be2 Bd7 10. Qd2 Rc8 11. O-O Ne5 12. b3 Ne8 13. Nd5 Nc7 14. Nf4 Nc6 15.
Nxc6 bxc6 16. Rad1 c5 17. Bd3 Ra8 18. Rfe1 a5 19. a4 Na6 20. Bc2 Nb4 21. Nd3
Rb8 22. Nxb4 Rxb4 23. g4 Qc7 24. Kh1 Rfb8 25. Rb1 R8b7 26. Rg1 Qb8 27. Qd3 Bc6
28. Kg2 R4b6 29. Kf2 d5 30. exd5 Qxh2+ 31. Rg2 Qh4+ 32. Ke2 Rd7 33. Bxc5 Rb8
34. Bd4 Bxd4 35. Qxd4 e6 36. Qe5 Rbd8 37. Rh2 Qe7 38. Rxh7 f6 39. Rxe7 fxe5 40.
Rxe6 Bxd5 41. cxd5 Rxd5 42. Rd1 Kf7 43. Rxd5 Rxd5 44. Rxg6 Rc5 45. Bd3 Rc3 46.
Rb6 1-0

[Event "Forcing Moves Spring-1 U2000"]
[Site "Mississauga CAN"]
[Date "2023.04.29"]
[Round "1.3"]
[White "Buscar, Bernard"]
[Black "Zhang, Daniel"]
[Result "1/2-1/2"]
[WhiteElo "1552"]
[BlackElo "1852"]
[PlyCount "45"]
[EventDate "2023.04.29"]
[EventType "swiss"]
[EventRounds "5"]
[EventCountry "CAN"]

1. d4 d5 2. c4 dxc4 3. Nc3 Nf6 4. Nf3 e6 5. e3 c5 6. Bxc4 a6 7. O-O b5 8. Bd3
Bb7 9. Re1 Nbd7 10. e4 cxd4 11. Nxd4 Nc5 12. Bc2 b4 13. Ba4+ Nfd7 14. Nd5 Bd6
15. Nxb4 Qc7 16. Bxd7+ Nxd7 17. Bd2 Bxh2+ 18. Kh1 Bd6 19. Qg4 h5 20. Qxg7 Be5
21. Nxe6 fxe6 22. Qg6+ Ke7 23. Nd5+ 1/2-1/2

[Event "Forcing Moves Spring-1 U2000"]
[Site "Mississauga CAN"]
[Date "2023.04.29"]
[Round "1.4"]
[White "Zhang, Michelle"]
[Black "Ambilwade, Ojal"]
[Result "0-1"]
[WhiteElo "1796"]
[BlackElo "1534"]
[PlyCount "120"]
[EventDate "2023.04.29"]
[EventType "swiss"]
[EventRounds "5"]
[EventCountry "CAN"]

1. e4 c5 2. Nf3 d6 3. d4 cxd4 4. Nxd4 Nf6 5. Nc3 a6 6. Be2 e6 7. Be3 Be7 8. O-O
O-O 9. f4 Nc6 10. g4 d5 11. e5 Ne4 12. Nxe4 dxe4 13. Nxc6 bxc6 14. Qe1 Qc7 15.
Qg3 f6 16. exf6 Bxf6 17. c3 c5 18. Bc4 Qb6 19. f5 Kh8 20. fxe6 Bxe6 21. Bxe6
Qxe6 22. Bxc5 Rfd8 23. g5 Be5 24. Qg2 Rac8 25. Ba3 Rd3 26. Qe2 Rcd8 27. Rae1
Bxh2+ 28. Qxh2 Qg4+ 29. Qg2 Rg3 30. Re2 Rxg2+ 31. Rxg2 Qe6 32. b3 e3 33. Re1
Rd2 34. Rxd2 exd2 35. Rxe6 d1=Q+ 36. Kf2 Qd2+ 37. Re2 Qf4+ 38. Ke1 h6 39. gxh6
gxh6 40. c4 Kh7 41. c5 Qg3+ 42. Kd2 Qf4+ 43. Ke1 Qc7 44. Rc2 Qa5+ 45. Kd1 Qxa3
46. c6 Qd6+ 47. Kc1 Qc7 48. Kb2 h5 49. b4 h4 50. a4 h3 51. b5 axb5 52. axb5 h2
53. Rc1 Qe5+ 54. Ka2 Qd5+ 55. Kb2 Qxb5+ 56. Ka1 Qa4+ 57. Kb2 Qb4+ 58. Ka1 Qa3+
59. Kb1 Qxc1+ 60. Kxc1 h1=Q+ 0-1

[Event "Forcing Moves Spring-1 U2000"]
[Site "Mississauga CAN"]
[Date "2023.04.29"]
[Round "2.1"]
[White "Ambilwade, Ojal"]
[Black "Lakhani, Riyaan"]
[Result "0-1"]
[WhiteElo "1534"]
[BlackElo "1886"]
[PlyCount "122"]
[EventDate "2023.04.29"]
[EventType "swiss"]
[EventRounds "5"]
[EventCountry "CAN"]

1. Nf3 Nf6 2. c4 g6 3. d4 Bg7 4. Nc3 O-O 5. e4 d6 6. d5 e5 7. h3 Ne8 8. Bd3 f5
9. O-O h6 10. Nh2 f4 11. Bd2 a5 12. a3 Nd7 13. b4 g5 14. Be2 Ndf6 15. c5 Qe7
16. c6 b6 17. b5 Qf7 18. Be1 Qg6 19. f3 h5 20. Bf2 Rf7 21. Na4 Rb8 22. Rc1 Bh6
23. Rc3 Rg7 24. Kh1 g4 25. hxg4 hxg4 26. fxg4 Nxe4 27. Rh3 Nxf2+ 28. Rxf2 Nf6
29. Nc3 Bg5 30. Qa4 e4 31. Rf1 Re7 32. Re1 f3 33. Bxf3 Bd2 34. Bxe4 Nxe4 35.
Rxe4 Bxc3 36. Rxe7 Qb1+ 37. Nf1 Qxf1+ 38. Kh2 Be5+ 39. Rxe5 dxe5 40. Qc2 Qf4+
41. g3 Qxg4 42. Qh7+ Kf8 43. Qh8+ Ke7 44. Rh7+ Kd6 45. Qf6+ Kxd5 46. Qd8+ Kc5
47. Qe7+ Kxb5 48. Qxe5+ Ka6 49. Qxc7 Ra8 50. Qe5 Qf5 51. Qe2+ Qb5 52. Qd2 Qxc6
53. Rh6 Qb5 54. a4 Qxa4 55. Rh5 Bd7 56. Rh7 Bb5 57. Qg2 Rb8 58. Rh4 Qb3 59. Qd2
Qd3 60. Qf4 Qe2+ 61. Kh3 Qf1+ 0-1

[Event "Forcing Moves Spring-1 U2000"]
[Site "Mississauga CAN"]
[Date "2023.04.29"]
[Round "2.2"]
[White "Zhang, Daniel"]
[Black "Manga, Max"]
[Result "1-0"]
[WhiteElo "1852"]
[BlackElo "1569"]
[PlyCount "153"]
[EventDate "2023.04.29"]
[EventType "swiss"]
[EventRounds "5"]
[EventCountry "CAN"]

1. e4 c6 2. d4 d5 3. Nc3 dxe4 4. Nxe4 Bf5 5. Ng3 Bg6 6. N1e2 Nf6 7. Nf4 e6 8.
h4 Bd6 9. h5 Bf5 10. Bd3 Bxd3 11. Qxd3 Qc7 12. Nfe2 Nbd7 13. h6 g6 14. Bg5 Qa5+
15. Bd2 Qc7 16. O-O-O O-O-O 17. Kb1 Kb8 18. Nc3 Bf4 19. Nge4 Bxd2 20. Qxd2 Nxe4
21. Nxe4 Nb6 22. Qe2 Qe7 23. Nc5 Nd7 24. Nd3 Qf6 25. Qe4 Nb6 26. Qe5+ Qxe5 27.
Nxe5 Rhf8 28. Rhe1 Nd7 29. Nf3 Nf6 30. Ne5 Nd7 31. c3 Nxe5 32. dxe5 Kc7 33. Kc2
f6 34. Rxd8 Kxd8 35. f3 Ke7 36. Re4 fxe5 37. Rxe5 Rf4 38. Kd3 Rh4 39. Re4 Rxh6
40. Rb4 b6 41. Rc4 Kd6 42. Ra4 a5 43. b4 Rh5 44. c4 Rg5 45. c5+ bxc5 46. bxa5
Kc7 47. a6 Kb8 48. g4 Ka7 49. Kc4 h5 50. gxh5 gxh5 51. Kd3 Rf5 52. Ke3 e5 53.
Ra5 h4 54. Rxc5 h3 55. Rxc6 Rh5 56. Rc1 Kxa6 57. Rh1 h2 58. Kf2 Rf5 59. Kg3 Ka5
60. Rxh2 Ka4 61. Rh4+ Ka3 62. Re4 Kxa2 63. Kg4 Rf8 64. Rxe5 Kb3 65. f4 Kc4 66.
f5 Kd4 67. Re7 Rg8+ 68. Kf4 Rg1 69. Rd7+ Kc5 70. f6 Kc6 71. Rd4 Rh1 72. Kf5
Rf1+ 73. Rf4 Rxf4+ 74. Kxf4 Kd7 75. Ke5 Kd8 76. Kd6 Ke8 77. Ke6 1-0

[Event "Forcing Moves Spring-1 U2000"]
[Site "Mississauga CAN"]
[Date "2023.04.29"]
[Round "2.3"]
[White "Zhang, Brian"]
[Black "Sreekumar, Gauri"]
[Result "1-0"]
[WhiteElo "1941"]
[BlackElo "1554"]
[PlyCount "109"]
[EventDate "2023.04.29"]
[EventType "swiss"]
[EventRounds "5"]
[EventCountry "CAN"]

1. e4 c5 2. Nf3 d6 3. d4 cxd4 4. Nxd4 Nf6 5. Nc3 g6 6. Be3 Bg7 7. f3 O-O 8. Bc4
Nc6 9. Qd2 Nxd4 10. Bxd4 Be6 11. Bb3 Qa5 12. O-O-O Bxb3 13. cxb3 Rfc8 14. Kb1
b5 15. Bxf6 Bxf6 16. Nd5 Qxd2 17. Nxf6+ exf6 18. Rxd2 Rc6 19. Rhd1 Rd8 20. Rd5
a6 21. a4 bxa4 22. bxa4 Kf8 23. g4 Ke7 24. h4 Rb8 25. R1d3 Rb4 26. b3 Rb8 27.
g5 fxg5 28. hxg5 Rbc8 29. Kb2 Rc2+ 30. Ka3 R8c3 31. Rxd6 Rxd3 32. Rxd3 Rg2 33.
Rd5 Rf2 34. Ra5 Rxf3 35. Rxa6 Re3 36. Ra7+ Ke6 37. Ra8 f5 38. exf5+ Kxf5 39.
Rh8 Re7 40. a5 Kxg5 41. b4 h5 42. a6 Ra7 43. b5 h4 44. Kb4 Kg4 45. Ka5 Rf7 46.
Kb6 h3 47. a7 Rf6+ 48. Kb7 Rf7+ 49. Kb8 Rf5 50. a8=Q Rxb5+ 51. Kc7 Rf5 52. Qe4+
Kg3 53. Qe3+ Rf3 54. Rxh3+ Kxh3 55. Qxf3+ 1-0

[Event "Forcing Moves Spring-1 U2000"]
[Site "Mississauga CAN"]
[Date "2023.04.29"]
[Round "3.1"]
[White "Lakhani, Riyaan"]
[Black "Zhang, Brian"]
[Result "1/2-1/2"]
[WhiteElo "1886"]
[BlackElo "1941"]
[PlyCount "101"]
[EventDate "2023.04.29"]
[EventType "swiss"]
[EventRounds "5"]
[EventCountry "CAN"]

1. d4 d5 2. c4 c6 3. Nf3 Nf6 4. e3 e6 5. Nc3 Nbd7 6. Qc2 Bd6 7. Bd3 O-O 8. O-O
e5 9. cxd5 cxd5 10. e4 dxe4 11. Nxe4 Nxe4 12. Bxe4 h6 13. Be3 exd4 14. Nxd4 Nf6
15. Bf3 Bg4 16. Bxb7 Bxh2+ 17. Kh1 Rb8 18. Bf3 Be5 19. Rfd1 Qc8 20. Qe2 Bxf3
21. Qxf3 Qb7 22. Nc6 Bxb2 23. Rab1 Rbc8 24. Nxa7 Qxf3 25. gxf3 Rc2 26. Rd2 Rxd2
27. Bxd2 Bd4 28. Be3 Bxe3 29. fxe3 Nd5 30. e4 Nc3 31. Ra1 Ra8 32. Nc6 Rxa2 33.
Rxa2 Nxa2 34. Kg2 g6 35. Kg3 Kg7 36. Nd4 Nb4 37. Kf4 Nd3+ 38. Ke3 Ne5 39. f4
Ng4+ 40. Kf3 h5 41. Kg3 Nf6 42. Kf3 Nd7 43. Nb3 f6 44. Nd4 g5 45. Nf5+ Kg6 46.
Ne7+ Kf7 47. Nf5 Nc5 48. e5 g4+ 49. Kg3 fxe5 50. fxe5 Nd3 51. Nh6+ 1/2-1/2

[Event "Forcing Moves Spring-1 U2000"]
[Site "Mississauga CAN"]
[Date "2023.04.29"]
[Round "3.2"]
[White "Zhang, Daniel"]
[Black "Zhang, Michelle"]
[Result "1-0"]
[WhiteElo "1852"]
[BlackElo "1796"]
[PlyCount "101"]
[EventDate "2023.04.29"]
[EventType "swiss"]
[EventRounds "5"]
[EventCountry "CAN"]

1. e4 c6 2. d4 d5 3. Nc3 dxe4 4. Nxe4 Nf6 5. Nxf6+ exf6 6. c3 Bd6 7. Bd3 O-O 8.
Ne2 Re8 9. Qc2 h5 10. Be3 h4 11. O-O-O Nd7 12. g3 h3 13. Nf4 Nf8 14. Bf5 Qa5
15. Bxc8 Raxc8 16. Kb1 Bxf4 17. gxf4 Qd5 18. Rhg1 Qe4 19. Rg3 Ng6 20. Rdg1 f5
21. Rg5 Rcd8 22. Rxf5 Rd5 23. Rfg5 Rxg5 24. fxg5 Qd5 25. c4 Qf3 26. Qd1 Qf5+
27. Ka1 b5 28. d5 bxc4 29. dxc6 Ne5 30. Qd5 Qd3 31. Qxd3 cxd3 32. c7 Rc8 33.
Bf4 Nf3 34. Rd1 d2 35. Bd6 Kh7 36. b4 Kg6 37. a4 Kf5 38. Kb2 Ke4 39. Kc3 Kd5
40. Bg3 Kc6 41. b5+ Kb6 42. Kb4 Kb7 43. a5 g6 44. Bf4 Re8 45. a6+ Kc8 46. Bxd2
Kxc7 47. Bf4+ Kc8 48. Rc1+ Kd8 49. Bb8 Re7 50. b6 axb6 51. a7 1-0

[Event "Forcing Moves Spring-1 U2000"]
[Site "Mississauga CAN"]
[Date "2023.04.29"]
[Round "3.3"]
[White "Ambilwade, Ojal"]
[Black "Buscar, Bernard"]
[Result "1-0"]
[WhiteElo "1534"]
[BlackElo "1552"]
[PlyCount "86"]
[EventDate "2023.04.29"]
[EventType "swiss"]
[EventRounds "5"]
[EventCountry "CAN"]

1. c4 c5 2. Nc3 Nc6 3. Nf3 e6 4. e3 Nf6 5. d4 cxd4 6. exd4 d5 7. Be2 Be7 8. O-O
O-O 9. b3 a6 10. Bb2 Qc7 11. Rc1 Bd6 12. g3 b6 13. Na4 Qb7 14. Nxb6 Rb8 15. c5
Bc7 16. Nxc8 Rfxc8 17. Ne5 Nxe5 18. dxe5 Ne4 19. c6 Qb6 20. Bd4 Qa5 21. f3 Ng5
22. h4 Nh3+ 23. Kh2 Nf4 24. gxf4 Bd8 25. Bf2 Be7 26. Rg1 Qd8 27. Qe1 Rb4 28.
Bg3 h6 29. Bxa6 Rc7 30. Bb7 g5 31. fxg5 hxg5 32. hxg5 Kg7 33. Kg2 Qb8 34. Rh1
Qa7 35. Qf2 Qa3 36. Rcd1 Bxg5 37. Rh5 Bc1 38. Rdh1 Bb2 39. Rh7+ Kf8 40. Qc5+
Kg8 41. Rh8+ Kg7 42. Qf8+ Kg6 43. Qg8+ Kf5 1-0

[Event "Forcing Moves Spring-1 U2000"]
[Site "Mississauga CAN"]
[Date "2023.04.29"]
[Round "3.4"]
[White "Sreekumar, Gauri"]
[Black "Manga, Max"]
[Result "1/2-1/2"]
[WhiteElo "1554"]
[BlackElo "1569"]
[PlyCount "61"]
[EventDate "2023.04.29"]
[EventType "swiss"]
[EventRounds "5"]
[EventCountry "CAN"]

1. d4 d5 2. c4 c6 3. Nf3 Nf6 4. Nc3 e6 5. g3 Be7 6. Bg2 Nbd7 7. O-O O-O 8. Qc2
b6 9. Rd1 Bb7 10. e4 Nxe4 11. Nxe4 dxe4 12. Qxe4 Nf6 13. Qc2 Qc7 14. Bf4 Bd6
15. Bxd6 Qxd6 16. Rac1 c5 17. dxc5 Qxc5 18. Nd4 Bxg2 19. Kxg2 Rac8 20. b3 Rfd8
21. Nb5 a6 22. Nc3 h6 23. Rxd8+ Rxd8 24. Rd1 Qc6+ 25. f3 Rc8 26. Qd3 b5 27. Ne4
Nxe4 28. Qxe4 Qxe4 29. fxe4 bxc4 30. Rc1 c3 31. Kf3 1/2-1/2